[Event "Catalunya-chT"]
[Site "Barcelona"]
[Date "2011.03.05"]
[Round "6.9"]
[White "Garrido Fernandez, Sergio"]
[Black "Bofill Mas, Alejandro"]
[Result "0-1"]
[WhiteElo "1495"]
[BlackElo "2334"]
[PlyCount "92"]
[EventDate "2011.01.29"]
[EventType "team-tourn"]
[EventRounds "11"]
[EventCountry "ESP"]
[SourceTitle "EXT 2012"]
[Source "ChessBase"]
[SourceDate "2011.11.24"]
[SourceVersion "1"]
[SourceVersionDate "2011.11.24"]
[SourceQuality "1"]
[WhiteTeam "Forment"]
[BlackTeam "UGA"]
[WhiteTeamCountry "ESP"]
[BlackTeamCountry "ESP"]

1. e4 c5 2. Nf3 e6 3. b3 b6 4. Bb2 Bb7 5. Nc3 Nc6 6. g3 Nf6 7. Bg2 e5 8. 0-0 d6 9. d3 g6 10. Ng5 Bg7 11. f4 exf4 12. gxf4 0-0 13. Ne2 d5 14. e5 Nh5 15. Qd2 h6 16. Nh3 Qd7 17. d4 Ne7 18. Ba3 Nf5 19. dxc5 Rfc8 20. Rad1 Nh4 21. c6 Rxc6 22. Nd4 Rac8 23. Nxc6 Bxc6 24. Nf2 Nxg2 25. Kxg2 d4+ 26. Kg1 Bb7 27. c4 Qc6 28. Nd3 Qh1+ 29. Kf2 Qxh2+ 30. Ke1 Qh3 31. Qf2 Re8 32. Rg1 Bf6 33. Kd2 Bh4 34. Qxd4 Rd8 35. Bd6 Ng3 36. Rxg3 Bxg3 37. Kc2 Qf5 38. Kb2 h5 39. c5 Bf3 40. Rg1 bxc5 41. Nxc5 h4 42. Qe3 Bxf4 43. Qc3 Rxd6 44. Ka3 Bxe5 45. Qb4 Rb6 46. Qxh4 Bd6 0-1

[Event "Catalunya-chT"]
[Site "Barcelona"]
[Date "2011.02.19"]
[Round "4.8"]
[White "Ayas Fernandez, Antonio"]
[Black "Garrido Fernandez, Sergio"]
[Result "0-1"]
[WhiteElo "2343"]
[BlackElo "1495"]
[PlyCount "102"]
[EventDate "2011.01.29"]
[EventType "team-tourn"]
[EventRounds "11"]
[EventCountry "ESP"]
[SourceTitle "EXT 2012"]
[Source "ChessBase"]
[SourceDate "2011.11.24"]
[SourceVersion "1"]
[SourceVersionDate "2011.11.24"]
[SourceQuality "1"]
[WhiteTeam "Colon Sabadell"]
[BlackTeam "Forment"]
[WhiteTeamCountry "ESP"]
[BlackTeamCountry "ESP"]

1. c4 c5 2. Nc3 Nc6 3. g3 g6 4. Bg2 Bg7 5. e3 e5 6. Nge2 Nge7 7. 0-0 d6 8. a3 Be6 9. Nd5 Rb8 10. b4 e4 11. Rb1 Nxd5 12. cxd5 Bxd5 13. Qc2 Ne5 14. Bxe4 Bxe4 15. Qxe4 d5 16. Qc2 c4 17. Bb2 0-0 18. Kg2 Nd3 19. Bxg7 Kxg7 20. Qc3+ Qf6 21. Nf4 Nxf4+ 22. gxf4 Rfd8 23. Rbc1 Rbc8 24. d4 Qf5 25. f3 Re8 26. Rce1 Qd3 27. Qc1 c3 28. Rf2 c2 29. Rd2 Qb3 30. Kf2 Rc3 31. Rde2 Rec8 32. f5 Qxa3 33. Qxa3 Rxa3 34. Rc1 Rac3 35. fxg6 hxg6 36. e4 dxe4 37. fxe4 Kf6 38. b5 a5 39. bxa6 bxa6 40. Re3 Kg5 41. Ke2 Rxe3+ 42. Kxe3 a5 43. Kd3 a4 44. d5 Kf6 45. Rxc2 Rxc2 46. Kxc2 Ke5 47. h4 f5 48. exf5 Kxf5 49. Kc3 Ke5 50. Kb4 Kxd5 51. Kxa4 Ke4 0-1